|
|
|
|
| LEADER |
00595cam a2200169 a 4500 |
| 020 |
|
|
|a 9780199558414 (pbk.)
|
| 020 |
|
|
|a 0199558418 (pbk.)
|
| 082 |
0 |
4 |
|a 320.072
|b HAL/P
|
| 100 |
1 |
|
|a Halperin, Sandra.
|
| 245 |
1 |
0 |
|a Political research:Methods and practical skills
|
| 260 |
|
|
|a Oxford
|a New York
|b Oxford University Press,
|c c2012.
|
| 300 |
|
|
|a xiv, 440 p.
|b ill.
|
| 650 |
|
0 |
|a Political science
|
| 700 |
1 |
|
|a Heath, Oliver,
|
| 942 |
|
|
|c BK
|
| 999 |
|
|
|c 37792
|d 37792
|
| 952 |
|
|
|0 0
|1 0
|4 0
|6 320_072000000000000_HALP
|7 0
|8 Stack
|9 40015
|a KUCL
|b KUCL
|c Stack
|d 2016-01-23
|l 0
|o 320.072 HAL/P
|p 37877
|r 2016-01-23
|w 2016-01-23
|y BK
|